000 00683nas a2200229 4500
001 BR0800700
003 BR-BrBNA
005 20231205111537.0
007 ta
008 230509b bl.|||p| |||| 00| 00por d
040 _aBR-BrBNA
_bpor
_cBiblioteca Nacional de Agricultura
041 _a(Pt)
072 _aL40
100 1 _aOLiveira, A. de
245 1 _aNota anatômica sobre o músculo diafragma de hippopotamus amphibius, Quiboco
650 _aANATOMIA
650 _aMÚSCULO
650 _aDIAFRAGMA
773 0 _tVeterinária (Brazil)
_x
_g(Jan-Dec 1960-1961), v. 14(Special Number) p. 26-30
_wBR0800700
909 _a202311
_bLúcia
_c55
_dLúcia Elande
942 _2AGRIS
_n0
_cANA
999 _c193251
_d193251